ბათუმის შოთა რუსთაველის სახელმწიფო უნივერსიტეტის ბიბლიოთეკა

Иммунология.Том 34. №3 2013 (ბიბ.ჩანაწერი № 40973)

000 -LEADER
fixed length control field 00519nam a2200181Ia 4500
001 - CONTROL NUMBER
control field 7621
003 - CONTROL NUMBER IDENTIFIER
control field GE_BSU
008 - FIXED-LENGTH DATA ELEMENTS--GENERAL INFORMATION
fixed length control field 181216s||||||||xx |||||||||||||| ||und||
040 ## - CATALOGING SOURCE
Transcribing agency GE_BSU
245 ## - TITLE STATEMENT
Title Иммунология.Том 34. №3 2013
245 ## - TITLE STATEMENT
Statement of responsibility, etc. Ред.Е.И.Константинова
260 ## - PUBLICATION, DISTRIBUTION, ETC.
Place of publication, distribution, etc. Москва.
260 ## - PUBLICATION, DISTRIBUTION, ETC.
Date of publication, distribution, etc. 2013.
300 ## - PHYSICAL DESCRIPTION
Extent 176ст,29см.
520 ## - SUMMARY, ETC.
Summary, etc. Двухмесячный научно-практический журнал.
653 ## - INDEX TERM--UNCONTROLLED
Uncontrolled term Иммунология.
942 ## - ADDED ENTRY ELEMENTS (KOHA)
Koha item type პერიოდიკა
ეგზემპლარები
Withdrawn status Lost status Damaged status Not for loan Date acquired Barcode Date last seen Price effective from Koha item type
        2018-12-17 p75736 2018-12-17 2018-12-17 პერიოდიკა